000
00309nam a22001337a 4500
008
181006b xxu||||| |||| 00| 0 eng d
020
_a
9780967130606
041
_a
eng
080
_a
541
100
_a
12
101
_a
KIM
245
_a
EcoBeaker 2.0. Laboratory Guide and Manual
_c
Meir, E
942
_2
udc
_c
BK
999
_c
48973
_d
48973